000 00452nam a2200181Ia 4500
005 20250923150422.0
008 008 250917s9999 xx 000 0 eng d
037 _aTextual
040 _aDSWL
_beng
_cDSWL
041 _aeng
_2eng
084 _qDSWL
100 _aAhmed, Talat
_9845751
245 0 _aMohandas Gandhi
_cby Talat Ahmed
260 _aLondon
_b Pluto Press
_c2019
300 _a193 p.
942 _cTEXL
999 _c1463244
_d1463244